Lālakuṭhi. (Record no. 56344)

MARC details
000 -LEADER
fixed length control field 00592cam a22002411 4500
001 - CONTROL NUMBER
control field sa 64000605
003 - CONTROL NUMBER IDENTIFIER
control field DLC
005 - DATE AND TIME OF LATEST TRANSACTION
control field 20260227111957.0
008 - FIXED-LENGTH DATA ELEMENTS--GENERAL INFORMATION
fixed length control field 940805s1962 ii 000 1 benr
010 ## - LIBRARY OF CONGRESS CONTROL NUMBER
LC control number sa 64000605
025 ## - OVERSEAS ACQUISITION NUMBER
Overseas acquisition number PL480:I-B-652
035 ## - SYSTEM CONTROL NUMBER
System control number (OCoLC)30890524
040 ## - CATALOGING SOURCE
Original cataloging agency DLC
Transcribing agency CU
Modifying agency CU
-- DLC
042 ## - AUTHENTICATION CODE
Authentication code premarc
050 00 - LIBRARY OF CONGRESS CALL NUMBER
Classification number PZ90.B4
Item number M84
100 1# - MAIN ENTRY--PERSONAL NAME
Personal name Mukherji, Saurindramohan,
Dates associated with a name 1884-
245 10 - TITLE STATEMENT
Title Lālakuṭhi.
260 ## - PUBLICATION, DISTRIBUTION, ETC.
Date of publication, distribution, etc. [1962?]
300 ## - PHYSICAL DESCRIPTION
Extent 135 p.
Dimensions 23 cm.
500 ## - GENERAL NOTE
General note In Bengali.
500 ## - GENERAL NOTE
General note A novel.
500 ## - GENERAL NOTE
General note Originally published in Maucāka.

No items available.

Powered by Koha